| 000 | 00753cam a22002411 4500 | ||
|---|---|---|---|
| 001 | sa 65009274 | ||
| 003 | DLC | ||
| 005 | 20260227112200.0 | ||
| 008 | 810312m19639999ii 000 0 eng | ||
| 010 | _asa 65009274 | ||
| 035 | _a(OCoLC)29103405 | ||
| 040 |
_aDLC _cMnU _dOCoLC _dDLC |
||
| 042 | _apremarc | ||
| 043 | _aa-ii--- | ||
| 050 | 0 | 0 |
_aDS485.A55 _bA3 subser. |
| 110 | 1 |
_aAndhra Pradesh (India). _bDepartment of Archaeology. |
|
| 245 | 1 | 4 | _aThe archaeological bulletin. |
| 260 |
_aHyderabad, _bGovt. of Andhra Pradesh, _c1963- |
||
| 300 |
_av. _billus. _c32 cm. |
||
| 490 | 1 | _aAndhra Pradesh, India. Dept. of Archaeology. Archaeological series. | |
| 651 | 0 |
_aAndhra Pradesh (India) _xAntiquities _xSocieties, etc. |
|
| 830 | 0 | _aArch. series. | |
| 999 |
_c66111 _d66111 |
||